| 000 | 00779nam a22002417a 4500 | ||
|---|---|---|---|
| 003 | 0 | ||
| 005 | 20250917123902.0 | ||
| 008 | 250917b xxu||||| |||| 00| 0 eng d | ||
| 020 | _a978-1-83683-102-0 | ||
| 050 |
_aTK 5105.5 _b.A33 2025 |
||
| 100 |
_aAdams, Beatrice, _eauthor. |
||
| 245 |
_aAnalog and digital communication / _cBeatrice Adams. |
||
| 250 | _aFirst edition. | ||
| 260 |
_aLondon, UK : _bVintage Press Ltd, _c2025. |
||
| 300 |
_aix, 272 pages : _bcolored illustrations ; _c24 cm. |
||
| 504 | _aIncludes bibliographical references and index. | ||
| 650 | _aCommunication. | ||
| 650 | _aTelecommunication. | ||
| 650 | _aData transmission systems. | ||
| 650 | _aModulation (Electronics). | ||
| 650 |
_aSignal processing _xDigital techniques. |
||
| 942 |
_2lcc _cBK |
||
| 999 |
_c368014 _d368014 |
||